000 00385 a2200157 4500
001 156568
020 _a8530501152
040 _cEscola São Tomás de Aquino
100 _aAGUIAR, Luiz Antonio
240 1 0 _aSocorro! estou comprando tudo
_lpor
245 1 0 _aSocorro! estou comprando tudo
300 _a46
362 0 _a1997
697 _a*LITERATURA INFANTO JUVENIL
942 _cBK
999 _c156568
_d156568